| 000 | 02623nam0a2200409 4500 | ||
|---|---|---|---|
| 001 | RU\NLR\BIBL_A\022619977 | ||
| 005 | 20251222162411.0 | ||
| 010 |
_a978-5-6053957-3-7 _9500 |
||
| 021 |
_aRU _bКН-П-25-043479 _9КН-П-25-4231 |
||
| 035 | _a(NLR Aleph) 022619977 | ||
| 090 |
_a13509445 _c13509445 |
||
| 100 | _a20250911d2025 k y0rusy50 ca | ||
| 101 | 0 | _arus | |
| 102 | _aRU | ||
| 105 | _aac||z|||010yd | ||
| 181 | 0 |
_ai3 _baxxe |
|
| 182 | 0 | _an | |
| 200 | 1 |
_aО физическом образовании в Кировской области _e(к 100-летию становления в Кировском пединституте) _eисторико-краеведческая монография _fдоцент В. Н. Бакулин, доцент Г. А. Бутырский, доцент К. А. Коханов [и др.] _gпод общей редакцией Ю. А. Саурова _gНаучная лаборатория "Моделирование процессов обучения физике" |
|
| 203 |
_aТекст _bвизуальный _cнепосредственный |
||
| 210 |
_aКиров _cРадуга-Пресс _d2025 |
||
| 215 |
_a253 с. _cил., портр. _d21 |
||
| 300 | _aАвт. указаны на обороте тит. с. | ||
| 320 | _aБиблиогр.: с. 244-252 (132 назв.) и в подстроч. примеч. | ||
| 600 | 1 |
_aМултановский _bВ. В. _f1927-2000 _gВячеслав Всеволодович _92279169 _3RU\NLR\AUTH\6601593996 |
|
| 601 | 0 | 2 |
_aКировский государственный педагогический институт _bФизический факультет _xИстория _92689802 _3RU\NLR\AUTH\6601763807 |
| 686 | 1 | _aЧ488.24(2)7г | |
| 686 | 1 | _aЧ489.24(2Р)7-8Мултановский | |
| 701 | 1 |
_aБакулин _bВ. Н. _gВладимир Николаевич |
|
| 701 | 1 |
_7ca _8rus _aБутырский _bГ. А. _gГерман Александрович _9117403 _3RU\NLR\AUTH\777469 |
|
| 701 | 1 |
_aКоханов _bК. А. _gКонстантин Анатольевич |
|
| 702 | 1 |
_4340 _7ca _8rus _aСауров _bЮ. А. _f1947- _gЮрий Аркадьевич _9117402 _3RU\NLR\AUTH\777468 |
|
| 712 | 0 | 2 |
_4570 _aВятский государственный университет _bНаучная лаборатория "Моделирование процессов обучения физике" _cКиров _92677690 _3RU\NLR\AUTH\880631102 |
| 942 | _cBOOK | ||
| 980 | _aNB | ||